Statistiques concernant Répond au quiz spéciale One Piece

Cliquez ici pour prendre le quiz!

Statistiques générales

  • Ce quiz a été pris 99 fois
  • Le résultat moyen est 12 sur 15

Statistiques - réponses

QuestionRéponse% Correct
Contre qui Luffy n'a-t-il jamais gagner ?Shanks
98%
Quel personnage n'est pas dans l'équipage du chapeau de paille ?Law
97%
Qui n'est pas un empereurAokiji
93%
Comment s'appelle la baleine de reverse mountain ?Laboon
93%
Quel attaque Luffy ne possède-t-il pas ?Jet Combo
92%
Qui apprend le fluide à Luffy ?Rayleigh
91%
Qui a fais la cicatrice sur le ventre de LuffyAkainu
90%
Dans quelle créature est installé l'ombre de LuffyOz
90%
Qu'était il écrit sur le bras de Luffy dans le journal ?3D x 2Y
78%
Quel personnage n'est pas masqué ?Hody Jones
78%
Qui a tué Fisher TigerLa Marine
76%
Quel personnage n'a pas de fruit du démon ?Vergo
74%
Qui a vaincu Smack de l'équipage d'Arlong ?Usopp
69%
Comment Ener s'est-il enfui ?En bateau
57%
Comment Luffy gagne-t-il son combat contre crocodile ?Avec son sang
50%

Distribution des résultats

Percentile par nombre de réponses

% des personnes avec chaque résultat

Votre développement - résultats

Vous n’avez pas pris ce quiz